000 00377pab a2200157 454500
008 180718b2011 xxu||||| |||| 00| 0 eng d
100 _aAkhilesh Kumar
245 _aServices sector: Can it be the engine of inclusive growth?
260 _c2011
300 _ap.17-19.
362 _aSep
650 _aService industries
773 _aYojana
908 _aN
909 _a92988
999 _c92988
_d92988